00968 2200289 4500001002100000005001500021035002000036007000300056008004100059020002200100082000800122084001700130100001900147245007900166250003800245300003900283650003100322700003100353700002700384520011900411264004200530336002100572337003000593338002300623990001600646990001600662INLIS00000000004430420221020112941 a0010-1022000016ta221020 0  a978-623-7615-30-9 a819 aSR 819 WRI b0 aWrini Harlindi1 aBal bekel ambar /cWrini Harlindi, Dwatty Nyahedhi; ilustrator, Indra Bayu aBabaran kapindo ing November 2021 a22 halaman :bilustrasi ;c21,5 cm 4aSastra daerah di Indonesia0 aDwatty Nyahedhiepengarang0 aIndra Bayueilustrator aAmbar pengin wasis bekelan kaya Feni kanca rakete. nanging bekelan angel banget kanggone Ambar. Ambar bisa ora ya? aYogyakarta :bLingkarantarnusa,c2021 2rdacontentaTeks 2rdamediaaTanpa perantara 2rdacarrieraVolume a50963.63783 a50963.63783